[Event "RUS-chT Premier 2021"]
[White "Artemiev,Vladislav"]
[Black "Vitiugov,Nikita"]
[WhiteTeam "Ладья"]
[BlackTeam "Медный всадник"]
[Site "Sochi"]
[Round "7.1"]
[Annotator "RC"]
[Result "1/2-1/2"]
[Date "2021.05.08"]
[WhiteElo "2709"]
[BlackElo "2715"]
[PlyCount "127"]
[TimeControl "60"]

1. c4 {[%emt 0:0:0]} Nf6 {[%emt 0:0:0]} 2. Nf3 {[%emt 0:1:54]} g6 {[%emt 0:0:56]
} 3. b3 {[%emt 0:2:30]} Bg7 {[%emt 0:0:50]} 4. Bb2 {[%emt 0:0:0]} 0-0 {[%emt 0:1:4]} 5. g3 {[%emt 0:0:42]} d6 {[%emt 0:0:35]} 6. Bg2 {[%emt 0:0:23]
} e5 {[%emt 0:0:54]} 7. d3 {[%emt 0:0:39]} Re8 {[%emt 0:5:20]} 8. 0-0 {[%emt 0:1:6]} e4 {[%emt 0:2:45]} 9. dxe4 {[%emt 0:0:40]} Nxe4 {[%emt 0:0:15]
} 10. Bxg7 {[%emt 0:1:9]} Kxg7 {[%emt 0:0:4]} 11. Nfd2 {[%emt 0:1:39]
} Nc5 {[%emt 0:10:28]} 12. Nc3 {[%emt 0:14:28]} Nc6 {[%emt 0:0:0]} 13. a3 {[%emt 0:6:39]} Be6 {[%emt 0:0:51]} 14. b4 {[%emt 0:1:43]} Nd7 {[%emt 0:0:11]
} 15. Rc1 {[%emt 0:7:25]} Rb8 {[%emt 0:6:4]} 16. Nd5 {[%emt 0:0:0]} Nce5 {[%emt 0:2:55]} 17. Qc2 {[%emt 0:6:50]} c6 {[%emt 0:7:31]} 18. Nf4 {[%emt 0:1:33]} Nf6 {[%emt 0:0:54]} 19. Qc3 {[%emt 0:3:17]} Qe7 {[%emt 0:6:19]
} 20. Rfd1 {[%emt 0:7:4]} Rbd8 {[%emt 0:7:15]} 21. b5 {[%emt 0:7:49]
} Bf5 {[%emt 0:5:20]} 22. bxc6 {[%emt 0:4:14]} bxc6 {[%emt 0:0:0]} 23. h3 {[%emt 0:5:38]} g5 {[%emt 0:6:33]} 24. Nd3 {[%emt 0:0:22]} c5 {[%emt 0:3:15]} 25. Nf1 {[%emt 0:2:53]} Qe6 {[%emt 0:6:58]} 26. f4 {[%emt 0:0:0]} gxf4 {[%emt 0:2:27]} 27. Nxf4 {[%emt 0:0:5]} Qe7 {[%emt 0:2:11]} 28. g4 {[%emt 0:0:14]} Bg6 {[%emt 0:0:58]} 29. Ng3 {[%emt 0:0:30]} h6 {[%emt 0:0:51]
} 30. Rf1 {[%emt 0:1:53]} Kg8 {[%emt 0:5:35]} 31. Qd2 {[%emt 0:0:0]} Kh7 {[%emt 0:3:48]} 32. Rf2 {[%emt 0:0:48]} Nfd7 {[%emt 0:2:7]} 33. Nd5 {[%emt 0:2:16]} Qg5 {[%emt 0:1:14]} 34. Qc3 {[%emt 0:0:6]} Re6 {[%emt 0:2:41]
} 35. Rcf1 {[%emt 0:1:16]} Rb8 {[%emt 0:2:3]} 36. Be4 {[%emt 0:1:6]
} Kg8 {[%emt 0:2:57]} 37. Nf4 {[%emt 0:1:27]} Ree8 {[%emt 0:0:0]} 38. Bxg6 {[%emt 0:0:29]} fxg6 {[%emt 0:0:8]} 39. Ne4 {[%emt 0:0:9]} Qh4 {[%emt 0:0:27]} 40. Nxd6 {[%emt 0:0:0]} Rf8 {[%emt 0:0:0]} 41. Qe3 {[%emt 0:13:32]
} Qe7 {[%emt 0:11:17]} 42. Ne4 {[%emt 0:4:18]} Nxc4 {[%emt 0:0:0]} 43. Nxg6 {[%emt 0:0:45]} Nxe3 {[%emt 0:3:56]} 44. Nxe7+ {[%emt 0:0:11]} Kg7 {[%emt 0:0:3]} 45. Rxf8 {[%emt 0:3:9]} Rxf8 {[%emt 0:2:17]} 46. Rxf8 {[%emt 0:3:33]
} Kxf8 {[%emt 0:0:8]} 47. Nf5 {[%emt 0:1:6]} Nc4 {[%emt 0:0:0]} 48. a4 {[%emt 0:0:28]} a5 {[%emt 0:0:20]} 49. Nxh6 {[%emt 0:3:54]} Nb2 {[%emt 0:1:13]} 50. Nf5 {[%emt 0:1:20]} Nxa4 {[%emt 0:0:4]} 51. Kf2 {[%emt 0:0:50]
} Nab6 {[%emt 0:0:24]} 52. Ke3 {[%emt 0:1:8]} Nd5+ {[%emt 0:0:0]} 53. Kd2 {[%emt 0:0:14]} a4 {[%emt 0:1:59]} 54. Nc3 {[%emt 0:0:34]} a3 {[%emt 0:2:11]} 55. Kc2 {[%emt 0:1:17]} Nf4 {[%emt 0:0:11]} 56. h4 {[%emt 0:0:8]
} Ne5 {[%emt 0:0:34]} 57. g5 {[%emt 0:0:36]} Kf7 {[%emt 0:0:0]} 58. e3 {[%emt 0:1:12]} Ne6 {[%emt 0:0:37]} 59. Ne4 {[%emt 0:2:17]} Kg6 60. Nfg3 {[%emt 0:0:16]} Ng7 {[%emt 0:1:26]} 61. Kb3 {[%emt 0:0:46]} Nf3 {[%emt 0:0:10]
} 62. Kxa3 {[%emt 0:0:20]} Nxh4 {[%emt 0:0:4]} 63. Nxc5 {[%emt 0:0:10]
} Kxg5 {[%emt 0:0:7]} 64. Kb4 {[%emt 0:0:7]} 1/2-1/2

[Event "RUS-chT Premier 2021"]
[White "Matlakov,Maxim"]
[Black "Oparin,Grigoriy"]
[WhiteTeam "Медный всадник"]
[BlackTeam "Ладья"]
[Site "Sochi"]
[Round "7.2"]
[Annotator "TA"]
[Result "1-0"]
[Date "2021.05.08"]
[WhiteElo "2688"]
[BlackElo "2652"]
[PlyCount "69"]

1. d4 {} Nf6 2. c4 e6 3. Nf3 d5 4. g3 Be7 5. Bg2 0-0 6. 0-0 dxc4 7. Qc2 b5 8. a4 {E05: Open Catalan: 5 Nf3 Be7.
} b4 9. Ne5 Qxd4 10. Bxa8 {The position is equal. 10.Nxc4 is more advanced
technology.} Qxe5 11. Bf4 Qh5 {...Ng4 is the strong threat.} 12. Bf3 Ng4 $1 13. Bxg4 Qxg4 14. Qxc4 e5 $1 { [#]} (14... Ba6 $6 15. Qxc7 Bf6 16. Re1 $16 )15. Qxc7 $5 $146 { An interesting novelty.} ({Predecessor:} 15. f3 Qd7 16. Bxe5 Ba6 17. Qd4 Qe6 18. Qe3 Nc6 19. Bf4 Qd5 20. Qe4 Bc5+ 21. Kg2 {
0-1 (29) Tereick,B (2378)-Prohaszka,P (2545) Deizisau 2011} )exf4 16. Qxe7 fxg3 {And now ...Nc6 would win.} 17. Nd2 (17. hxg3 $2 Nc6 $17 )gxh2+ 18. Kh1 Be6 (18... Qg6 $11 {keeps the balance.} )19. f3 $16 {Black is now
going downhill.} Qd4 20. Ne4 Qxb2 21. Rab1 Qe5 (21... Qxe2 22. Nf6+ $1 {
} gxf6 23. Rg1+ $3 {} hxg1=Q+ 24. Rxg1+ Qg2+ 25. Rxg2+ Bg4 26. Rxg4+ Kh8 27. Qxf8# )22. Qxb4 Nd7 23. Qe7 Bf5 (23... h6 $142 24. Rfd1 Qc7 )24. Qxe5 $18 Nxe5 25. Rb5 (25. Kxh2 $6 h5 $16 )f6 {[#]} 26. Rb7 $1 ({
Much less strong is} 26. Kxh2 $6 Bxe4 27. fxe4 h5 $16 )a5 27. Nd6 (27. Kxh2 $6 Bxe4 28. fxe4 h5 )Bd7 {[#]} 28. Rc1 $1 ({Don't do} 28. Kxh2 $6 Bxa4 29. Rc1 Bc6 )Bxa4 $2 (28... Bc6 {was called for.} )29. Rcc7 {
White is clearly winning.} Bd7 30. Nc4 ({Weaker is} 30. Rxd7 Nxd7 31. Rxd7 Ra8 $16 )Bf5 31. Rxg7+ Kh8 32. Nxe5 fxe5 33. Rge7 e4 (33... Ra8 $142 34. e4 Bg6 35. Rxe5 Rf8 36. Rxa5 Kg8 )34. fxe4 Bg6 35. Ra7 {Weighted Error Value:
White=0.01/Black=0.26} 1-0

[Event "RUS-chT Premier 2021"]
[White "Timofeev,Artyom"]
[Black "Alekseenko,Kirill"]
[WhiteTeam "Ладья"]
[BlackTeam "Медный всадник"]
[Site "Sochi"]
[Round "7.3"]
[Annotator "TA"]
[Result "1/2-1/2"]
[Date "2021.05.08"]
[WhiteElo "2594"]
[BlackElo "2696"]
[PlyCount "78"]

1. e4 {} c6 2. d4 d5 3. Nc3 dxe4 4. Nxe4 Bf5 5. Ng3 Bg6 6. Nf3 Nd7 7. Bd3 e6 8. 0-0 Ngf6 9. Re1 Be7 10. c4 0-0 11. Bf4 Re8 12. Bxg6 hxg6 {[#]} 13. Ne4 $146 {B18: Classical Caro-Kann: 4...Bf5 sidelines.} ({Predecessor:} 13. Qc2 a5 14. Rad1 a4 15. Ne5 Qa5 16. Bd2 Qa6 17. Bg5 Rad8 18. h4 Qa5 19. Qe2 Bb4 20. Rf1 Be7 {1/2-1/2 (36) Lagno,K (2530)-Vitiugov,N (2724) Caleta 2017} )c5 (13... Nxe4 {keeps more tension.} 14. Rxe4 g5 15. Bc1 e5 16. Nxe5 Bf6 )14. Nxc5 Nxc5 15. dxc5 Bxc5 16. Qxd8 Raxd8 17. Kf1 Ng4 18. Re2 f6 19. h3 Nh6 20. Rd2 g5 21. Be3 Bxe3 22. fxe3 Nf5 23. Rxd8 Rxd8 $11 { Endgame KRN-KRN} 24. Kf2 Kf7 25. Rc1 e5 26. Rc2 Ke7 27. c5 Ke6 28. b4 {[#]} (28. Rc3 $11 )Rd1 (28... Rd3 $1 $17 29. e4 Ne7 )29. Nd2 a6 30. Ke2 Rg1 {} 31. g4 (31. c6 $5 {} Rxg2+ 32. Kd3 bxc6 33. Rxc6+ Kd7 34. Rxa6 $11 )Ne7 {
next ...Rg3 is good for Black.} (31... Rg2+ {with more complications.} 32. Kd3 Ne7 33. Rb2 Nd5 34. b5 e4+ )32. Ne4 {The position is equal.} Rb1 33. a3 Ra1 34. Rc3 Nd5 35. Rb3 g6 36. Rd3 Rh1 37. Nf2 Rb1 38. Ne4 {[#] Strongly threatening
Rxd5!} Rh1 39. Nf2 Rb1 {Weighted Error Value: White=0.10/Black=0.09} 1/2-1/2

[Event "RUS-chT Premier 2021"]
[White "Fedoseev,Vladimir"]
[Black "Makhmutov,Rail"]
[WhiteTeam "Медный всадник"]
[BlackTeam "Ладья"]
[Site "Sochi"]
[Round "7.4"]
[Annotator "TA"]
[Result "1-0"]
[Date "2021.05.08"]
[WhiteElo "2687"]
[BlackElo "2450"]
[PlyCount "83"]

1. Nf3 {} d5 2. g3 Bg4 3. Bg2 Nd7 4. h3 Bh5 5. d4 e6 6. 0-0 Ngf6 7. c4 c6 8. Qb3 $5 { Leaves trodden paths.} Qb6 9. Nc3 Be7 10. Bf4 {D11:
Slav Defence: 3 Nf3 sidelines and 3...Nf6 4 e3 Bg4.} 0-0 {[#]} 11. Rfc1 $146 ({
Predecessor:} 11. c5 Qxb3 12. axb3 Ne4 13. g4 Bg6 14. b4 a6 15. Ra3 {1/2-1/2 
(15) Kozak,A (2503)-Banusz,T (2628) Ajka 2020} )h6 12. c5 {The position
is equal.} (12. Be3 {is interesting.} dxc4 13. Qxc4 Nd5 14. Bd2 Bg6 15. Na4 )Qxb3 13. axb3 g5 14. Be3 Bg6 15. b4 a6 $1 16. Nd2 Kh7 17. f3 Rfe8 18. Bf2 e5 19. e4 exd4 20. Bxd4 dxe4 21. fxe4 Nh5 22. Kh2 a5 23. Rxa5 Rxa5 24. bxa5 Nxc5 25. Rd1 Ng7 26. Nc4 Nge6 27. Be3 Rd8 28. Rxd8 Nxd8 29. b4 Na6 30. b5 cxb5 31. Nxb5 Bc5 32. Bd2 f6 33. Nbd6 Kg7 34. Bc3 {e5 is the strong threat.} Bb4 35. Bb2 Nc6 {Black cannot hold the game after this.} (35... Nc5 $16 )36. Nxb7 $18 Nc5 (36... Be7 $142 37. Ne3 Kf7 )37. Nxc5 Bxc5 38. e5 Nxe5 {[#]} (38... Nd4 39. a6 h5 40. exf6+ Kxf6 )39. Nxe5 {White is clearly winning.} fxe5 40. Bxe5+ Kf7 41. Bb8 Bd3 42. Bb7 {Weighted Error Value: White=0.10/Black=0.25} 1-0

[Event "RUS-chT Premier 2021"]
[White "Faizrakhmanov,Ramil"]
[Black "Ponkratov,Pavel"]
[WhiteTeam "Ладья"]
[BlackTeam "Медный всадник"]
[Site "Sochi"]
[Round "7.5"]
[Annotator "ChessBase"]
[Result "0-1"]
[Date "2021.05.08"]
[WhiteElo "2477"]
[BlackElo "2619"]
[PlyCount "142"]
[TimeControl "60"]

1. d4 {[%emt 0:0:0]} Nf6 {[%emt 0:0:0]} 2. c4 {[%emt 0:0:0]} e6 {[%emt 0:0:0]} 3. Nf3 {[%emt 0:0:8]} h6 {[%emt 0:0:6]} 4. Nc3 {[%emt 0:1:41]} Bb4 {[%emt 0:0:37]} 5. Qb3 {[%emt 0:3:43]} c5 {[%emt 0:3:31]} 6. dxc5 {[%emt 0:0:0]} Nc6 {[%emt 0:1:32]} 7. a3 {[%emt 0:2:43]} Bxc5 {[%emt 0:0:12]} 8. e3 {[%emt 0:1:17]} b6 {[%emt 0:8:15]} 9. Be2 {[%emt 0:1:21]} Bb7 {[%emt 0:0:0]} 10. 0-0 {[%emt 0:0:58]} Qb8 {[%emt 0:5:25]} 11. Qc2 {[%emt 0:5:16]} Ng4 {[%emt 0:14:45]} 12. g3 {[%emt 0:10:27]} h5 {[%emt 0:2:58]} 13. b4 {[%emt 0:0:0]} Be7 {[%emt 0:8:53]} 14. e4 {[%emt 0:8:16]} h4 {[%emt 0:24:29]} 15. Bf4 {[%emt 0:3:35]} e5 {[%emt 0:7:24]} 16. Bd2 {[%emt 0:2:48]} Qd6 {[%emt 0:0:0]} 17. h3 {[%emt 0:5:21]} Nf6 {[%emt 0:10:20]} 18. g4 {[%emt 0:4:50]} Rc8 {[%emt 0:0:16]} 19. Nb5 {[%emt 0:2:36]} Qb8 {[%emt 0:0:6]} 20. Qd3 {[%emt 0:3:57]
} Nd8 {[%emt 0:7:18]} 21. Nc3 {[%emt 0:12:58]} Ba6 {[%emt 0:0:0]} 22. b5 {[%emt 0:1:30]} Bb7 {[%emt 0:0:3]} 23. g5 {[%emt 0:1:39]} Nh5 {[%emt 0:1:1]
} 24. Nxh4 {[%emt 0:3:7]} Ne6 {[%emt 0:1:20]} 25. Bxh5 {[%emt 0:1:25]
} Rxh5 {[%emt 0:0:4]} 26. Nf5 {[%emt 0:0:10]} Bxg5 {[%emt 0:0:0]} 27. Rad1 {[%emt 0:7:41]} Kf8 {[%emt 0:0:48]} 28. Ng3 {[%emt 0:4:46]} Rh8 {[%emt 0:0:5]} 29. Bxg5 {[%emt 0:0:40]} Nxg5 {[%emt 0:0:29]} 30. Qxd7 {[%emt 0:3:41]
} g6 {[%emt 0:1:4]} 31. Rd6 {[%emt 0:0:10]} Nxh3+ {[%emt 0:0:0]} 32. Kg2 {[%emt 0:0:30]} Nf4+ {[%emt 0:0:4]} 33. Kg1 {[%emt 0:0:51]} Nh3+ {[%emt 0:0:6]} 34. Kg2 {[%emt 0:0:5]} Nf4+ {[%emt 0:0:4]} 35. Kg1 {[%emt 0:0:8]
} Rc7 {[%emt 0:1:52]} 36. Qg4 {[%emt 0:0:41]} Nh3+ {[%emt 0:0:0]} 37. Kg2 {[%emt 0:0:30]} Nf4+ {[%emt 0:0:30]} 38. Kg1 {[%emt 0:0:30]} Qc8 {[%emt 0:0:49]} 39. Qxc8+ {[%emt 0:0:26]} Rxc8 {[%emt 0:0:13]} 40. Rd7 {[%emt 0:0:0]
} Rxc4 {[%emt 0:0:0]} 41. Rxb7 {[%emt 0:4:41]} Rxc3 {[%emt 0:0:0]} 42. Rxa7 {[%emt 0:0:37]} Kg7 {[%emt 0:2:23]} 43. a4 {[%emt 0:3:38]} Rc2 {[%emt 0:2:7]} 44. Rb7 {[%emt 0:2:32]} Ra8 {[%emt 0:1:25]} 45. Rxb6 {[%emt 0:1:57]
} Rxa4 {[%emt 0:0:5]} 46. Rc6 {[%emt 0:1:23]} Rb2 {[%emt 0:0:0]} 47. Rc5 {[%emt 0:0:29]} Raa2 {[%emt 0:2:25]} 48. Nh1 {[%emt 0:0:26]} Kf6 {[%emt 0:1:34]} 49. Rc6+ {[%emt 0:1:48]} Kg5 {[%emt 0:0:6]} 50. Ra6 {[%emt 0:1:51]
} Rxa6 {[%emt 0:0:48]} 51. bxa6 {[%emt 0:0:5]} Ra2 {[%emt 0:0:0]} 52. Rb1 {[%emt 0:4:17]} Rxa6 {[%emt 0:0:18]} 53. Rb5 {[%emt 0:0:27]} f6 {[%emt 0:1:10]} 54. Rb3 {[%emt 0:0:33]} Ra1+ {[%emt 0:5:55]} 55. Kh2 {[%emt 0:0:6]
} Ne2 {[%emt 0:1:43]} 56. Ng3 {[%emt 0:2:44]} Ra2 {[%emt 0:0:0]} 57. Nf1 {[%emt 0:1:6]} Nf4 {[%emt 0:3:39]} 58. Rf3 {[%emt 0:1:12]} Kg4 {[%emt 0:0:41]} 59. Rg3+ {[%emt 0:0:13]} Kh4 {[%emt 0:0:4]} 60. Rf3 {[%emt 0:0:12]
} g5 {[%emt 0:0:52]} 61. Ne3 {[%emt 0:4:21]} g4 {[%emt 0:0:9]
} 62. Nf5+ {[%emt 0:0:6]} Kg5 {[%emt 0:0:23]} 63. Rb3 {[%emt 0:0:14]} Rxf2+ {[%emt 0:0:7]} 64. Kh1 {[%emt 0:0:11]} Ra2 {[%emt 0:1:7]} 65. Rb8 {[%emt 0:2:7]
} Nd3 {[%emt 0:0:10]} 66. Ng3 {[%emt 0:1:9]} Kf4 {[%emt 0:0:0]} 67. Nh5+ {[%emt 0:0:24]} Kf3 {[%emt 0:0:10]} 68. Rb1 {[%emt 0:1:36]} Nf2+ {[%emt 0:0:20]} 69. Kg1 {[%emt 0:0:7]} Nxe4 {[%emt 0:1:51]} 70. Rf1+ {[%emt 0:3:40]
} Rf2 {[%emt 0:0:17]} 71. Ra1 {[%emt 0:0:6]} Rg2+ {[%emt 0:0:0]} 0-1

[Event "RUS-chT Premier 2021"]
[White "Goganov,Aleksey"]
[Black "Gaifullin,Artur"]
[WhiteTeam "Медный всадник"]
[BlackTeam "Ладья"]
[Site "Sochi"]
[Round "7.6"]
[Annotator "ChessBase"]
[Result "1/2-1/2"]
[Date "2021.05.08"]
[WhiteElo "2575"]
[BlackElo "2450"]
[PlyCount "74"]
[TimeControl "60"]

1. e4 {[%emt 0:0:0]} e5 {[%emt 0:0:0]} 2. Nf3 {[%emt 0:0:0]} Nc6 {[%emt 0:0:0]
} 3. Bb5 {[%emt 0:0:0]} g6 {[%emt 0:0:0]} 4. c3 {[%emt 0:0:0]} a6 {[%emt 0:0:2]} 5. Ba4 {[%emt 0:5:49]} Bg7 {[%emt 0:0:10]} 6. 0-0 {[%emt 0:0:14]
} Nge7 {[%emt 0:0:12]} 7. d4 {[%emt 0:0:4]} 0-0 {[%emt 0:0:0]} 8. d5 {[%emt 0:10:1]} Na7 {[%emt 0:0:5]} 9. c4 {[%emt 0:0:57]} d6 {[%emt 0:1:46]
} 10. Nc3 {[%emt 0:0:21]} b5 {[%emt 0:2:54]} 11. cxb5 {[%emt 0:0:0]} axb5 {[%emt 0:1:14]} 12. Nxb5 {[%emt 0:1:28]} Nxb5 {[%emt 0:1:57]} 13. Bxb5 {[%emt 0:0:8]} f5 {[%emt 0:0:3]} 14. a4 {[%emt 0:9:20]} h6 {[%emt 0:6:59]
} 15. Ra3 {[%emt 0:1:19]} fxe4 {[%emt 0:14:15]} 16. Nd2 {[%emt 0:2:15]
} c6 {[%emt 0:4:50]} 17. dxc6 {[%emt 0:6:51]} d5 {[%emt 0:0:0]} 18. Rc3 {[%emt 0:9:3]} Qc7 {[%emt 0:8:49]} 19. Rc5 {[%emt 0:6:34]} Be6 {[%emt 0:8:15]} 20. b4 {[%emt 0:0:31]} Kh7 {[%emt 0:1:28]} 21. Nb1 {[%emt 0:0:0]} e3 {[%emt 0:7:46]} 22. Bxe3 {[%emt 0:2:44]} d4 {[%emt 0:0:42]} 23. Bc1 {[%emt 0:2:6]} e4 {[%emt 0:5:45]} 24. Nd2 {[%emt 0:1:41]} Bf5 {[%emt 0:0:0]} 25. Re1 {[%emt 0:3:10]} e3 {[%emt 0:2:43]} 26. fxe3 {[%emt 0:2:4]} dxe3 {[%emt 0:0:3]} 27. Nf3 {[%emt 0:1:36]} Rad8 {[%emt 0:0:33]} 28. Qe2 {[%emt 0:1:44]
} Nd5 {[%emt 0:5:53]} 29. Qc4 {[%emt 0:5:3]} Nf4 {[%emt 0:0:0]} 30. Bxe3 {[%emt 0:2:55]} Nd3 {[%emt 0:0:19]} 31. Rxf5 {[%emt 0:3:36]} Rxf5 {[%emt 0:0:59]} 32. Qxd3 {[%emt 0:5:38]} Rxd3 {[%emt 0:0:5]} 33. Bxd3 {[%emt 0:0:5]} Rxf3 {[%emt 0:4:59]} 34. gxf3 {[%emt 0:0:4]} Qxc6 {[%emt 0:0:0]} 35. Be4 {[%emt 0:1:27]} Qxa4 {[%emt 0:0:13]} 36. Kh1 {[%emt 0:1:43]} Qxb4 {[%emt 0:1:9]} 37. Rg1 {[%emt 0:0:3]} Qc3 {[%emt 0:1:56]} 1/2-1/2

[Event "RUS-chT Premier 2021"]
[White "Dubov,Daniil"]
[Black "Andreikin,Dmitry"]
[WhiteTeam "Wildberries Молодёжка"]
[BlackTeam "КПРФ"]
[Site "Sochi"]
[Round "7.7"]
[Annotator "TA"]
[Result "1/2-1/2"]
[Date "2021.05.08"]
[WhiteElo "2710"]
[BlackElo "2725"]
[PlyCount "71"]

1. d4 {} d5 2. c4 e6 3. Nf3 Nf6 4. g3 Bb4+ 5. Nbd2 0-0 6. Bg2 b6 7. 0-0 Bb7 8. Ne5 Be7 {8...a5 gains popularity.} 9. b3 c5 {E15: Queen's Indian: 4
g3 sidelines, 4 g3 Ba6 and 4 g3 Bb7 early deviations.} 10. dxc5 bxc5 11. Bb2 Nbd7 {White has an edge.} 12. cxd5 exd5 13. Rc1 Nxe5 14. Bxe5 Qb6 15. Qc2 Rfe8 16. e3 Rad8 17. b4 {} Nd7 ({Don't blunder} 17... Qxb4 $2 18. Rb1 $18 )(17... c4 $11 {keeps the balance.} )18. bxc5 $16 Bxc5 {[#]} 19. Rb1 $1 {
[#]} Qa6 $146 ({Predecessor:} 19... Qc6 20. Bc3 Bb6 21. Qb2 Qg6 22. Bd4 Ba6 23. Rfd1 Be2 24. Re1 Bd3 25. Rbd1 Bc2 26. Bxb6 axb6 {1-0 (64) Antic,D (2431)
-Mijailovic,Z (2409) Banja Vrujci 2017} )20. Ba1 {Qb2! is the strong threat.} Bf8 21. Nb3 {} Rc8 22. Qf5 Nb6 23. Nd4 Qxa2 24. Rfd1 Rcd8 (24... Rc5 $14 )25. Qf4 Qa4 26. Bf1 (26. Nb5 $14 )Ba6 $11 27. Bxa6 Qxa6 28. Nf5 {[#] Threatening mate with Nh6+!} Nc4 29. h4 Qg6 30. Rb5 Qc6 31. Rb3 (31. Qg4 $11 {remains equal.} g6 32. Nd4 )Qg6 ({Black should
play} 31... a5 $17 32. Rdb1 a4 )32. Rbd3 {The position is equal.} Nb6 33. Bd4 h5 34. Ra1 Rd7 35. Ra6 Re6 {aiming for ...Nc4.} 36. Rd1 {Weighted Error Value:
White=0.16/Black=0.12} 1/2-1/2

[Event "RUS-chT Premier 2021"]
[White "Dreev,Aleksey"]
[Black "Chigaev,Maksim"]
[WhiteTeam "КПРФ"]
[BlackTeam "Wildberries Молодёжка"]
[Site "Sochi"]
[Round "7.8"]
[Annotator "ChessBase"]
[Result "1/2-1/2"]
[Date "2021.05.08"]
[WhiteElo "2647"]
[BlackElo "2631"]
[PlyCount "23"]
[TimeControl "60"]

1. d4 {[%emt 0:0:0]} Nf6 {[%emt 0:0:0]} 2. Nf3 {[%emt 0:0:0]} g6 {[%emt 0:0:0]
} 3. g3 {[%emt 0:0:0]} Bg7 {[%emt 0:0:0]} 4. Bg2 {[%emt 0:0:0]} c5 {[%emt 0:0:0]} 5. c4 {[%emt 0:0:39]} d5 {[%emt 0:0:7]} 6. cxd5 {[%emt 0:5:16]
} 0-0 {[%emt 0:0:12]} 7. 0-0 {[%emt 0:3:18]} cxd4 {[%emt 0:0:0]} 8. Nxd4 {[%emt 0:0:17]} Nxd5 {[%emt 0:0:9]} 9. Nc3 {[%emt 0:11:50]} Nb6 {[%emt 0:0:14]} 10. Nb3 {[%emt 0:2:3]} Nc6 {[%emt 0:1:58]} 11. Bf4 {[%emt 0:3:8]
} Qxd1 {[%emt 0:9:3]} 12. Raxd1 {[%emt 0:7:53]} 1/2-1/2

[Event "RUS-chT Premier 2021"]
[White "Paravyan,David"]
[Black "Alekseev,Evgeny"]
[WhiteTeam "Wildberries Молодёжка"]
[BlackTeam "КПРФ"]
[Site "Sochi"]
[Round "7.9"]
[Annotator "ChessBase"]
[Result "1/2-1/2"]
[Date "2021.05.08"]
[WhiteElo "2647"]
[BlackElo "2619"]
[PlyCount "57"]
[TimeControl "60"]

1. d4 {[%emt 0:0:0]} Nf6 {[%emt 0:0:0]} 2. c4 {[%emt 0:0:0]} e6 {[%emt 0:0:0]} 3. Nc3 {[%emt 0:0:0]} Bb4 {[%emt 0:2:47]} 4. Qc2 {[%emt 0:0:0]} 0-0 {[%emt 0:1:53]} 5. Nf3 {[%emt 0:0:0]} c5 {[%emt 0:4:4]} 6. dxc5 {[%emt 0:0:5]
} Na6 {[%emt 0:1:20]} 7. g3 {[%emt 0:0:6]} Nxc5 {[%emt 0:0:0]} 8. Bg2 {[%emt 0:0:5]} b6 {[%emt 0:1:37]} 9. 0-0 {[%emt 0:0:5]} Bb7 {[%emt 0:7:27]
} 10. Nb5 {[%emt 0:0:11]} Be4 {[%emt 0:0:24]} 11. Qd1 {[%emt 0:0:0]} Nb7 {[%emt 0:0:23]} 12. a3 {[%emt 0:17:44]} Be7 {[%emt 0:1:21]} 13. Bf4 {[%emt 0:0:16]} a6 {[%emt 0:2:49]} 14. Nc3 {[%emt 0:1:16]} Bc6 {[%emt 0:0:0]} 15. b4 {[%emt 0:9:15]} Rc8 {[%emt 0:4:31]} 16. Re1 {[%emt 0:16:35]} a5 {[%emt 0:23:8]} 17. Qb3 {[%emt 0:2:25]} Nd6 {[%emt 0:6:0]} 18. Nd2 {[%emt 0:28:34]
} Bxg2 {[%emt 0:11:51]} 19. Kxg2 {[%emt 0:0:9]} Qc7 {[%emt 0:0:0]} 20. f3 {[%emt 0:5:42]} Nh5 {[%emt 0:4:54]} 21. Be5 {[%emt 0:0:48]} Qc6 {[%emt 0:3:0]} 22. b5 {[%emt 0:8:52]} Qc5 {[%emt 0:0:57]} 23. Bxd6 {[%emt 0:0:4]
} Qxd6 {[%emt 0:0:38]} 24. Nde4 {[%emt 0:0:28]} Qc7 {[%emt 0:0:0]} 25. Na4 {[%emt 0:0:5]} f5 {[%emt 0:1:50]} 26. Nf2 {[%emt 0:1:2]} Nf6 {[%emt 0:1:56]} 27. Rac1 {[%emt 0:1:49]} Qb7 {[%emt 0:3:43]} 28. Qe3 {[%emt 0:5:59]
} Rb8 {[%emt 0:0:56]} 29. Rc3 {[%emt 0:1:7]} 1/2-1/2

[Event "RUS-chT Premier 2021"]
[White "Zvjaginsev,Vadim"]
[Black "Riazantsev,Alexander"]
[WhiteTeam "КПРФ"]
[BlackTeam "Wildberries Молодёжка"]
[Site "Sochi"]
[Round "7.10"]
[Annotator "ChessBase"]
[Result "1/2-1/2"]
[Date "2021.05.08"]
[WhiteElo "2614"]
[BlackElo "2631"]
[PlyCount "63"]
[TimeControl "60"]

1. e4 {[%emt 0:0:0]} c5 {[%emt 0:0:0]} 2. Be2 {[%emt 0:3:16]} Nc6 {[%emt 0:2:50]
} 3. d3 {[%emt 0:0:45]} g6 {[%emt 0:6:33]} 4. f4 {[%emt 0:0:0]} Bg7 {[%emt 0:0:26]} 5. Nf3 {[%emt 0:0:12]} d6 {[%emt 0:4:56]} 6. 0-0 {[%emt 0:0:28]
} Nf6 {[%emt 0:0:3]} 7. Qe1 {[%emt 0:0:53]} e6 {[%emt 0:9:58]
} 8. Qh4 {[%emt 0:5:57]} Nd7 {[%emt 0:8:34]} 9. Qxd8+ {[%emt 0:8:11]} Kxd8 {[%emt 0:0:10]
} 10. c3 {[%emt 0:3:12]} f5 {[%emt 0:8:21]} 11. Re1 {[%emt 0:0:0]} Kc7 {[%emt 0:9:23]} 12. Bf1 {[%emt 0:10:50]} Re8 {[%emt 0:6:22]} 13. e5 {[%emt 0:5:5]} d5 {[%emt 0:13:0]} 14. d4 {[%emt 0:3:41]} a6 {[%emt 0:0:0]} 15. dxc5 {[%emt 0:4:29]} Nxc5 {[%emt 0:0:9]} 16. Be3 {[%emt 0:0:37]} Ne4 {[%emt 0:7:27]} 17. c4 {[%emt 0:1:21]} dxc4 {[%emt 0:1:33]} 18. Bxc4 {[%emt 0:0:16]
} b5 {[%emt 0:0:58]} 19. Bd3 {[%emt 0:1:2]} Bb7 {[%emt 0:0:0]} 20. Bxe4 {[%emt 0:2:10]} fxe4 {[%emt 0:0:1]} 21. Ng5 {[%emt 0:0:59]} h6 {[%emt 0:5:2]} 22. Nf7 {[%emt 0:8:21]} g5 {[%emt 0:1:48]} 23. fxg5 {[%emt 0:2:24]
} hxg5 {[%emt 0:0:9]} 24. Nd2 {[%emt 0:3:10]} Nxe5 {[%emt 0:0:0]} 25. Rac1+ {[%emt 0:3:9]} Kd7 {[%emt 0:0:0]} 26. Bd4 {[%emt 0:4:33]
} Nxf7 {[%emt 0:0:38]} 27. Bxg7 {[%emt 0:0:4]} Nd6 {[%emt 0:2:44]} 28. Be5 {[%emt 0:1:49]} Rac8 {[%emt 0:1:11]} 29. Rcd1 {[%emt 0:0:41]} Bd5 {[%emt 0:0:0]} 30. Bxd6 {[%emt 0:0:54]} Kxd6 {[%emt 0:0:0]} 31. Nxe4+ {[%emt 0:0:0]} Ke7 {[%emt 0:1:17]} 32. Nc3 {[%emt 0:5:14]} 1/2-1/2

[Event "RUS-chT Premier 2021"]
[White "Antipov,Mikhail Al."]
[Black "Rublevsky,Sergei"]
[WhiteTeam "Wildberries Молодёжка"]
[BlackTeam "КПРФ"]
[Site "Sochi"]
[Round "7.11"]
[Annotator "ChessBase"]
[Result "1/2-1/2"]
[Date "2021.05.08"]
[WhiteElo "2609"]
[BlackElo "2642"]
[PlyCount "47"]
[TimeControl "60"]

1. e4 {[%emt 0:0:0]} c5 {[%emt 0:0:0]} 2. Nf3 {[%emt 0:0:0]} e6 {[%emt 0:0:0]} 3. d4 {[%emt 0:0:0]} cxd4 {[%emt 0:0:0]} 4. Nxd4 {[%emt 0:0:0]} a6 {[%emt 0:0:0]} 5. c4 {[%emt 0:0:0]} Nf6 {[%emt 0:0:0]} 6. Nc3 {[%emt 0:0:5]
} Bb4 {[%emt 0:0:0]} 7. Qd3 {[%emt 0:1:0]} d5 {[%emt 0:0:39]
} 8. exd5 {[%emt 0:33:2]} exd5 {[%emt 0:0:12]} 9. Qe3+ {[%emt 0:3:40]} Be7 {[%emt 0:3:8]
} 10. Qg3 {[%emt 0:6:34]} Ne4 {[%emt 0:16:15]} 11. Qf3 {[%emt 0:0:0]} Nc6 {[%emt 0:27:46]} 12. cxd5 {[%emt 0:13:19]} Nxc3 {[%emt 0:1:58]} 13. dxc6 {[%emt 0:1:22]} Qxd4 {[%emt 0:1:16]} 14. bxc3 {[%emt 0:0:38]} Qc5 {[%emt 0:10:1]
} 15. Be2 {[%emt 0:4:43]} 0-0 {[%emt 0:2:10]} 16. 0-0 {[%emt 0:0:0]} Qxc6 {[%emt 0:4:26]} 17. Qxc6 {[%emt 0:0:6]} bxc6 {[%emt 0:0:3]} 18. Rb1 {[%emt 0:0:20]} Be6 {[%emt 0:3:19]} 19. a4 {[%emt 0:0:30]} Bf6 {[%emt 0:4:0]
} 20. Be3 {[%emt 0:3:46]} a5 {[%emt 0:1:36]} 21. Rfc1 {[%emt 0:0:0]} Rfb8 {[%emt 0:3:57]} 22. Bf3 {[%emt 0:4:38]} Rxb1 {[%emt 0:3:48]} 23. Rxb1 {[%emt 0:0:5]} Bxc3 {[%emt 0:0:8]} 24. Bxc6 {[%emt 0:3:51]} 1/2-1/2